000 00311nam a22001457a 4500
008 210305b ||||| |||| 00| 0 eng d
020 _a9780815332176
041 _aeng
080 _24th
_a573
082 _2573
100 _a11
101 _aBIO
245 _aImmuno biology
_cJaneway,A.CH
942 _2udc
_cBK
999 _c55791
_d55791